[Event "escc2023_65"]
[Site "?"]
[Date "2023.05.29"]
[Round "4.17"]
[White "Serra Olives, Tomas"]
[Black "Green, Per"]
[Result "1-0"]
[BlackElo "1899"]
[WhiteElo "2004"]
[LiveChessVersion "1.4.8"]

1. c4 {[%clk 1:30:56]} e5 {[%clk 1:30:38]} 2. g3 {[%clk 1:30:55]} Nf6
{[%clk 1:30:12]} 3. Bg2 {[%clk 1:31:14]} c6 {[%clk 1:30:28]} 4. d4
{[%clk 1:30:25]} exd4 {[%clk 1:28:42]} 5. Qxd4 {[%clk 1:30:46]} d5
{[%clk 1:28:10]} 6. Bg5 {[%clk 1:14:31]} dxc4 {[%clk 1:26:34]} 7. Qxd8+
{[%clk 1:08:07]} Kxd8 {[%clk 1:26:55]} 8. Nd2 {[%clk 1:05:21]} Be6
{[%clk 1:25:44]} 9. Ngf3 {[%clk 1:05:14]} Bc5 {[%clk 1:23:05]} 10. O-O
{[%clk 1:04:56]} Nbd7 {[%clk 1:21:14]} 11. Rfc1 {[%clk 0:48:05]} h6
{[%clk 1:19:46]} 12. Bxf6+ {[%clk 0:46:49]} Nxf6 {[%clk 1:19:43]} 13. Nxc4
{[%clk 0:46:22]} Kc7 {[%clk 1:12:19]} 14. a3 {[%clk 0:44:26]} Rhd8
{[%clk 1:05:03]} 15. b4 {[%clk 0:44:00]} Be7 {[%clk 1:04:14]} 16. Nfe5
{[%clk 0:40:38]} Rd4 {[%clk 0:59:20]} 17. e3 {[%clk 0:40:25]} Rdd8
{[%clk 0:58:31]} 18. Na5 {[%clk 0:35:24]} Rd6 {[%clk 0:42:17]} 19. b5
{[%clk 0:31:16]} c5 {[%clk 0:35:09]} 20. Nxb7 {[%clk 0:18:13]} Rb6
{[%clk 0:28:56]} 21. Nxc5 {[%clk 0:17:14]} Bxc5 {[%clk 0:24:48]} 22. Bxa8
{[%clk 0:17:00]} Rxb5 {[%clk 0:25:13]} 23. Nd3 {[%clk 0:16:54]} Nd7
{[%clk 0:22:34]} 24. Nxc5 {[%clk 0:16:19]} Nxc5 {[%clk 0:22:51]} 25. Rab1
{[%clk 0:14:11]} Ra5 {[%clk 0:21:47]} 26. Rc3 {[%clk 0:14:02]} Kd6
{[%clk 0:21:49]} 27. Rd1+ {[%clk 0:13:54]} Ke5 {[%clk 0:21:07]} 28. f4+
{[%clk 0:13:33]} Kf6 {[%clk 0:21:21]} 29. e4 {[%clk 0:11:32]} g6 {[%clk 0:20:48]}
30. Bd5 {[%clk 0:10:08]} Na4 {[%clk 0:17:48]} 31. Rc6 {[%clk 0:09:39]} Nc5
{[%clk 0:12:14]} 32. Rc1 {[%clk 0:08:12]} Nd3 {[%clk 0:12:15]} 33. R1c3
{[%clk 0:08:21]} Nb2 {[%clk 0:10:49]} 34. g4 {[%clk 0:08:20]} Na4
{[%clk 0:07:36]} 35. Rc2 {[%clk 0:08:06]} Nb6 {[%clk 0:04:22]} 36. Bxe6
{[%clk 0:08:05]} fxe6 {[%clk 0:04:42]} 37. e5+ {[%clk 0:07:04]} Ke7
{[%clk 0:04:54]} 38. Rc7+ {[%clk 0:07:03]} Kd8 {[%clk 0:03:14]} 39. Rh7
{[%clk 0:04:06]} Rxa3 {[%clk 0:02:18]} 40. Rcc7 {[%clk 0:03:11]} Ra1+
{[%clk 0:02:07]} 41. Kf2 {[%clk 0:03:21]} Ra2+ {[%clk 0:02:24]} 42. Kg3
{[%clk 0:03:32]} Ra3+ {[%clk 0:02:44]} 43. Kh4 {[%clk 0:02:37]} Nd5
{[%clk 0:28:04]} 44. Rcg7 {[%clk 0:32:52]} g5+ {[%clk 0:26:51]} 45. fxg5
{[%clk 0:33:03]} 1-0

[Event "escc2023_65"]
[Site "?"]
[Date "2023.05.29"]
[Round "4.18"]
[White "Gal, Moshe"]
[Black "Barlocco, Carlo"]
[Result "1-0"]
[BlackElo "1893"]
[WhiteElo "2095"]
[LiveChessVersion "1.4.8"]

1. d4 {[%clk 1:30:57]} g6 {[%clk 1:30:37]} 2. e4 {[%clk 1:30:45]} Bg7
{[%clk 1:31:03]} 3. Nc3 {[%clk 1:31:09]} c6 {[%clk 1:30:32]} 4. Nf3
{[%clk 1:29:19]} d6 {[%clk 1:30:31]} 5. h3 {[%clk 1:29:03]} Nd7 {[%clk 1:30:35]}
6. Be3 {[%clk 1:28:20]} Qb6 {[%clk 1:30:01]} 7. a3 {[%clk 1:23:35]} Ngf6
{[%clk 1:23:39]} 8. Be2 {[%clk 1:18:20]} O-O {[%clk 1:22:06]} 9. O-O
{[%clk 1:18:40]} Qc7 {[%clk 1:22:18]} 10. Qd2 {[%clk 1:14:16]} e5
{[%clk 1:21:11]} 11. dxe5 {[%clk 1:10:08]} dxe5 {[%clk 1:20:26]} 12. Rad1
{[%clk 1:09:37]} Re8 {[%clk 1:16:05]} 13. Ng5 {[%clk 1:02:34]} Nf8
{[%clk 1:03:03]} 14. f4 {[%clk 0:58:58]} exf4 {[%clk 1:01:17]} 15. Bxf4
{[%clk 0:59:15]} Qb6+ {[%clk 1:01:23]} 16. Kh1 {[%clk 0:59:26]} Ne6
{[%clk 1:00:17]} 17. e5 {[%clk 0:54:58]} Nd7 {[%clk 0:49:51]} 18. Nxf7
{[%clk 0:49:37]} Nxf4 {[%clk 0:48:47]} 19. Qxf4 {[%clk 0:44:48]} Nxe5
{[%clk 0:43:52]} 20. Nxe5 {[%clk 0:43:40]} Rxe5 {[%clk 0:43:55]} 21. Bc4+
{[%clk 0:42:46]} Kh8 {[%clk 0:42:55]} 22. Ne4 {[%clk 0:39:09]} Be6
{[%clk 0:35:41]} 23. Bxe6 {[%clk 0:34:20]} Rxe6 {[%clk 0:35:54]} 24. Ng5
{[%clk 0:33:58]} Re7 {[%clk 0:25:43]} 25. Qh4 {[%clk 0:31:35]} Bf8
{[%clk 0:23:14]} 26. Nf7+ {[%clk 0:31:52]} Kg8 {[%clk 0:21:25]} 27. Qf6
{[%clk 0:32:11]} 1-0

[Event "escc2023_65"]
[Site "?"]
[Date "2023.05.29"]
[Round "4.19"]
[White "Hilarius, Sander"]
[Black "Pritchett, Craig W"]
[Result "1/2-1/2"]
[BlackElo "2232"]
[WhiteElo "1899"]
[LiveChessVersion "1.4.8"]

1. d4 {[%clk 1:30:20]} Nf6 {[%clk 1:30:44]} 2. c4 {[%clk 1:29:19]} e6
{[%clk 1:31:01]} 3. Nc3 {[%clk 1:29:39]} Bb4 {[%clk 1:31:14]} 4. f3
{[%clk 1:29:59]} c5 {[%clk 1:30:45]} 5. d5 {[%clk 1:30:20]} exd5 {[%clk 1:27:11]}
6. cxd5 {[%clk 1:30:42]} d6 {[%clk 1:27:29]} 7. e4 {[%clk 1:30:50]} a6
{[%clk 1:25:07]} 8. a4 {[%clk 1:27:15]} O-O {[%clk 1:25:08]} 9. Nge2
{[%clk 1:27:31]} Nbd7 {[%clk 1:24:47]} 10. Ng3 {[%clk 1:27:00]} Re8
{[%clk 1:19:11]} 11. Be2 {[%clk 1:27:05]} Ne5 {[%clk 1:15:16]} 12. O-O
{[%clk 1:26:26]} c4 {[%clk 1:09:02]} 13. Be3 {[%clk 1:23:57]} Bd7
{[%clk 1:02:21]} 14. Bd4 {[%clk 1:14:26]} Rc8 {[%clk 0:56:17]} 15. Qc2
{[%clk 0:57:01]} Bc5 {[%clk 0:50:33]} 16. Bxc5 {[%clk 0:51:07]} Rxc5
{[%clk 0:50:56]} 17. h3 {[%clk 0:40:34]} b5 {[%clk 0:40:56]} 18. axb5
{[%clk 0:40:57]} axb5 {[%clk 0:41:23]} 19. b4 {[%clk 0:32:19]} cxb3
{[%clk 0:27:52]} 20. Qxb3 {[%clk 0:32:40]} Qc7 {[%clk 0:27:20]} 21. Na2
{[%clk 0:26:43]} h5 {[%clk 0:25:22]} 22. Nb4 {[%clk 0:25:21]} Rc3
{[%clk 0:23:27]} 23. Qb2 {[%clk 0:24:21]} h4 {[%clk 0:17:08]} 24. Nc6
{[%clk 0:20:50]} Qb6+ {[%clk 0:15:04]} 25. Kh1 {[%clk 0:20:58]} Qe3
{[%clk 0:09:48]} 26. Nxe5 {[%clk 0:19:08]} dxe5 {[%clk 0:07:18]} 27. Nf5
{[%clk 0:12:16]} Bxf5 {[%clk 0:07:41]} 28. exf5 {[%clk 0:12:41]} Nh5
{[%clk 0:05:27]} 29. Rfe1 {[%clk 0:10:53]} Ng3+ {[%clk 0:03:04]} 30. Kh2
{[%clk 0:11:16]} Qf4 {[%clk 0:02:59]} 31. Kg1 {[%clk 0:11:15]} Qd4+
{[%clk 0:02:41]} 32. Kh2 {[%clk 0:11:20]} Qf4 {[%clk 0:03:09]} 33. Kg1
{[%clk 0:11:41]} Qe3+ {[%clk 0:02:34]} 34. Kh2 {[%clk 0:12:03]} Qf4
{[%clk 0:01:40]} 35. Kg1 1/2-1/2

[Event "escc2023_65"]
[Site "?"]
[Date "2023.05.29"]
[Round "4.20"]
[White "Luminet, Denis"]
[Black "Taksrud, Vidar"]
[Result "1-0"]
[BlackElo "1885"]
[WhiteElo "2146"]
[LiveChessVersion "1.4.8"]

1. Nf3 {[%clk 1:30:56]} c5 {[%clk 1:30:50]} 2. e4 {[%clk 1:31:08]} e6
{[%clk 1:31:11]} 3. Nc3 {[%clk 1:31:19]} Nc6 {[%clk 1:31:04]} 4. d4
{[%clk 1:30:24]} cxd4 {[%clk 1:31:27]} 5. Nxd4 {[%clk 1:30:49]} Nf6
{[%clk 1:30:42]} 6. g3 {[%clk 1:27:11]} Bb4 {[%clk 1:28:24]} 7. Bg2
{[%clk 1:27:22]} a6 {[%clk 1:24:06]} 8. O-O {[%clk 1:24:35]} O-O {[%clk 1:24:00]}
9. Nxc6 {[%clk 1:20:46]} dxc6 {[%clk 1:24:17]} 10. e5 {[%clk 1:11:42]} Qxd1
{[%clk 1:21:07]} 11. Rxd1 {[%clk 1:09:56]} Nd5 {[%clk 1:21:09]} 12. Ne4
{[%clk 1:07:54]} f5 {[%clk 1:18:36]} 13. exf6 {[%clk 1:03:26]} Nxf6
{[%clk 1:18:51]} 14. Bd2 {[%clk 0:59:10]} Be7 {[%clk 1:16:14]} 15. f4
{[%clk 0:54:32]} Nxe4 {[%clk 1:14:04]} 16. Bxe4 {[%clk 0:54:55]} Bc5+
{[%clk 1:14:18]} 17. Kg2 {[%clk 0:47:16]} e5 {[%clk 1:13:03]} 18. Rf1
{[%clk 0:44:49]} Bf5 {[%clk 1:12:16]} 19. Bxf5 {[%clk 0:41:38]} Rxf5
{[%clk 1:12:34]} 20. g4 {[%clk 0:41:11]} Rf7 {[%clk 1:10:38]} 21. fxe5
{[%clk 0:40:46]} Rd8 {[%clk 1:09:05]} 22. Bc3 {[%clk 0:40:24]} Bd4
{[%clk 1:08:01]} 23. Rxf7 {[%clk 0:36:02]} Kxf7 {[%clk 1:08:14]} 24. Rd1
{[%clk 0:35:58]} c5 {[%clk 1:08:05]} 25. Bxd4 {[%clk 0:35:37]} cxd4
{[%clk 1:08:26]} 26. c3 {[%clk 0:34:15]} d3 {[%clk 1:08:48]} 27. Kf3
{[%clk 0:34:16]} Ke6 {[%clk 1:08:12]} 28. Ke4 {[%clk 0:28:31]} d2
{[%clk 1:05:26]} 29. c4 {[%clk 0:28:09]} a5 {[%clk 1:02:40]} 30. b3
{[%clk 0:27:45]} g5 {[%clk 1:02:42]} 31. a3 {[%clk 0:27:05]} b6 {[%clk 1:03:04]}
32. Ke3 {[%clk 0:24:24]} Kxe5 {[%clk 1:02:30]} 33. Rxd2 {[%clk 0:24:40]} Rxd2
{[%clk 0:59:37]} 34. Kxd2 {[%clk 0:24:42]} Kd4 {[%clk 0:59:56]} 35. a4
{[%clk 0:22:52]} Ke4 {[%clk 0:53:47]} 36. Kc2 {[%clk 0:18:23]} Kf4
{[%clk 0:53:48]} 37. b4 {[%clk 0:16:14]} Kxg4 {[%clk 0:53:51]} 38. c5
{[%clk 0:16:19]} bxc5 {[%clk 0:52:10]} 39. bxa5 {[%clk 0:15:48]} Kh3
{[%clk 0:51:20]} 40. a6 {[%clk 0:16:04]} g4 {[%clk 0:51:17]} 41. a7
{[%clk 0:16:25]} Kxh2 {[%clk 0:49:47]} 42. a8=Q {[%clk 0:16:47]} g3
{[%clk 0:49:48]} 43. Qh8 {[%clk 0:16:14]} 1-0

[Event "escc2023_65"]
[Site "?"]
[Date "2023.05.29"]
[Round "4.21"]
[White "Both, Gert"]
[Black "Vepkhvishvili, Varlam"]
[Result "0-1"]
[BlackElo "2037"]
[WhiteElo "1811"]
[LiveChessVersion "1.4.8"]

1. d4 {[%clk 1:25:22]} Nf6 {[%clk 1:30:53]} 2. c4 {[%clk 1:25:43]} g6
{[%clk 1:31:17]} 3. Nc3 {[%clk 1:26:03]} Bg7 {[%clk 1:31:40]} 4. e4
{[%clk 1:26:26]} d6 {[%clk 1:32:03]} 5. Be2 {[%clk 1:26:13]} O-O {[%clk 1:32:23]}
6. Be3 {[%clk 1:25:39]} e5 {[%clk 1:32:03]} 7. d5 {[%clk 1:24:57]} a5
{[%clk 1:32:14]} 8. Nf3 {[%clk 1:23:49]} Na6 {[%clk 1:32:32]} 9. a3
{[%clk 1:21:40]} Nc5 {[%clk 1:30:45]} 10. Nd2 {[%clk 1:21:05]} b6
{[%clk 1:27:19]} 11. O-O {[%clk 1:17:54]} Ne8 {[%clk 1:26:34]} 12. b4
{[%clk 1:17:29]} Nd7 {[%clk 1:26:42]} 13. Na4 {[%clk 1:07:06]} f5
{[%clk 1:26:27]} 14. f3 {[%clk 1:06:11]} f4 {[%clk 1:25:33]} 15. Bf2
{[%clk 1:06:33]} g5 {[%clk 1:25:51]} 16. c5 {[%clk 1:06:25]} bxc5
{[%clk 1:22:31]} 17. bxc5 {[%clk 1:06:37]} dxc5 18. Nxc5 {[%clk 1:04:30]} Nxc5
{[%clk 1:20:38]} 19. Bxc5 {[%clk 1:04:49]} Nd6 {[%clk 1:20:54]} 20. a4
{[%clk 0:58:39]} Rf7 {[%clk 1:20:20]} 21. Bb5 {[%clk 0:54:51]} Bf8
{[%clk 1:13:44]} 22. Bc6 {[%clk 0:53:59]} Rb8 {[%clk 1:12:43]} 23. Qe2
{[%clk 0:47:47]} g4 {[%clk 1:12:17]} 24. fxg4 {[%clk 0:47:04]} Rg7
{[%clk 1:12:37]} 25. h3 {[%clk 0:46:43]} h5 {[%clk 1:12:58]} 26. g5
{[%clk 0:40:47]} Qxg5 {[%clk 1:11:18]} 27. Ra3 {[%clk 0:40:45]} Rb2
{[%clk 1:10:37]} 28. Rf2 {[%clk 0:35:39]} Rxd2 {[%clk 1:09:15]} 29. Qxd2 0-1

[Event "escc2023_65"]
[Site "?"]
[Date "2023.05.29"]
[Round "4.22"]
[White "Thjomoe, Hans Richard"]
[Black "Van Hoolandt, Patrick"]
[Result "0-1"]
[BlackElo "2035"]
[WhiteElo "1831"]
[LiveChessVersion "1.4.8"]

1. c4 {[%clk 1:30:54]} e5 {[%clk 1:30:13]} 2. Nc3 {[%clk 1:31:03]} Nf6
{[%clk 1:30:35]} 3. g3 {[%clk 1:31:03]} d5 {[%clk 1:30:59]} 4. cxd5
{[%clk 1:31:09]} Nxd5 {[%clk 1:31:25]} 5. Bg2 {[%clk 1:31:18]} Nb6
{[%clk 1:31:50]} 6. e4 {[%clk 1:27:37]} Nc6 {[%clk 1:29:07]} 7. Nge2
{[%clk 1:26:41]} Bc5 {[%clk 1:17:32]} 8. O-O {[%clk 1:24:21]} O-O
{[%clk 1:17:55]} 9. Kh1 {[%clk 1:22:33]} Nb4 {[%clk 1:10:29]} 10. d4
{[%clk 1:19:12]} exd4 {[%clk 1:10:28]} 11. Nd5 {[%clk 1:12:28]} N4xd5
{[%clk 0:55:43]} 12. exd5 {[%clk 1:12:35]} Nxd5 {[%clk 0:55:28]} 13. Nxd4
{[%clk 1:12:11]} c6 {[%clk 0:55:26]} 14. Nf3 {[%clk 1:10:15]} h6 {[%clk 0:48:36]}
15. Qc2 {[%clk 1:08:03]} Bb6 {[%clk 0:45:59]} 16. Rd1 {[%clk 1:06:24]} Qf6
{[%clk 0:45:29]} 17. Kg1 {[%clk 0:56:33]} Bf5 {[%clk 0:42:34]} 18. Qb3
{[%clk 0:50:02]} Rfe8 {[%clk 0:42:36]} 19. Rxd5 {[%clk 0:43:52]} cxd5
{[%clk 0:40:00]} 20. Bf4 {[%clk 0:39:08]} Re2 {[%clk 0:34:59]} 21. Rf1
{[%clk 0:33:59]} Rd8 {[%clk 0:34:13]} 22. Nd2 {[%clk 0:29:57]} g5
{[%clk 0:27:04]} 23. Qf3 {[%clk 0:20:58]} Re6 {[%clk 0:27:14]} 24. g4
{[%clk 0:16:43]} Be4 {[%clk 0:26:27]} 0-1

[Event "escc2023_65"]
[Site "?"]
[Date "2023.05.29"]
[Round "4.23"]
[White "Rodella, Franco"]
[Black "Bohlin, Jan"]
[Result "1/2-1/2"]
[BlackElo "1814"]
[WhiteElo "2035"]
[LiveChessVersion "1.4.8"]

1. d4 {[%clk 1:30:56]} Nf6 {[%clk 1:30:55]} 2. c4 {[%clk 1:31:20]} e6
{[%clk 1:31:17]} 3. Nf3 {[%clk 1:31:41]} d5 {[%clk 1:31:20]} 4. Bg5
{[%clk 1:31:53]} Be7 {[%clk 1:30:15]} 5. e3 {[%clk 1:32:05]} O-O {[%clk 1:29:53]}
6. Nc3 {[%clk 1:32:16]} h6 {[%clk 1:29:43]} 7. Bh4 {[%clk 1:32:16]} b6
{[%clk 1:30:03]} 8. Be2 {[%clk 1:31:12]} Bb7 {[%clk 1:29:13]} 9. O-O
{[%clk 1:29:31]} Nbd7 {[%clk 1:21:43]} 10. Rc1 {[%clk 1:28:55]} c5
{[%clk 1:16:24]} 11. cxd5 {[%clk 1:26:14]} Nxd5 {[%clk 1:15:32]} 12. Bxe7
{[%clk 1:24:16]} Qxe7 {[%clk 1:15:24]} 13. a3 {[%clk 1:22:21]} cxd4
{[%clk 1:14:09]} 14. Nxd4 {[%clk 1:21:29]} Nxc3 {[%clk 1:13:10]} 15. Rxc3
{[%clk 1:21:08]} Rac8 {[%clk 1:09:40]} 16. Rxc8 {[%clk 1:18:28]} Rxc8
{[%clk 1:09:53]} 17. Bf3 {[%clk 1:18:08]} Bxf3 {[%clk 1:00:00]} 18. Qxf3
{[%clk 1:18:03]} Nf6 {[%clk 0:55:55]} 19. Qe2 {[%clk 1:16:30]} a5
{[%clk 0:47:19]} 20. Rd1 {[%clk 1:11:25]} Qc5 {[%clk 0:36:13]} 21. h3
{[%clk 1:10:31]} Qc4 {[%clk 0:34:50]} 22. Rd2 {[%clk 1:05:36]} Qxe2
{[%clk 0:34:17]} 23. Rxe2 {[%clk 1:03:26]} Kf8 {[%clk 0:32:02]} 24. Kf1
{[%clk 1:03:04]} Rc1+ {[%clk 0:27:25]} 25. Re1 {[%clk 0:57:47]} Rxe1+
{[%clk 0:25:53]} 26. Kxe1 {[%clk 0:58:14]} Ke7 {[%clk 0:25:28]} 27. f3
{[%clk 0:56:44]} g6 {[%clk 0:23:22]} 28. e4 {[%clk 0:55:42]} e5 {[%clk 0:22:40]}
29. Nb5 {[%clk 0:54:55]} Kd7 {[%clk 0:20:17]} 30. Nc3 {[%clk 0:54:50]} Kc6
{[%clk 0:19:40]} 31. a4 {[%clk 0:54:19]} Kc5 {[%clk 0:18:42]} 32. Kd2 1/2-1/2

[Event "escc2023_65"]
[Site "?"]
[Date "2023.05.29"]
[Round "4.24"]
[White "Caldi, Mario"]
[Black "Van Herck, Marcel"]
[Result "1/2-1/2"]
[BlackElo "2009"]
[WhiteElo "1714"]
[LiveChessVersion "1.4.8"]

1. e4 {[%clk 1:30:56]} c6 {[%clk 1:30:38]} 2. d4 {[%clk 1:31:17]} d5
{[%clk 1:31:03]} 3. Nc3 {[%clk 1:31:22]} dxe4 {[%clk 1:31:23]} 4. Nxe4
{[%clk 1:31:43]} Nd7 {[%clk 1:31:41]} 5. Bd3 {[%clk 1:29:50]} Ngf6
{[%clk 1:31:28]} 6. c3 {[%clk 1:29:10]} Nxe4 {[%clk 1:30:57]} 7. Bxe4
{[%clk 1:29:33]} Nf6 {[%clk 1:31:21]} 8. Bc2 {[%clk 1:28:42]} Qd5
{[%clk 1:28:02]} 9. Qf3 {[%clk 1:28:22]} Bg4 {[%clk 1:27:09]} 10. Qxd5
{[%clk 1:28:44]} cxd5 {[%clk 1:27:27]} 11. Bg5 {[%clk 1:28:00]} Nd7
{[%clk 1:22:48]} 12. f4 {[%clk 1:24:07]} f6 {[%clk 1:21:46]} 13. Bh4
{[%clk 1:24:14]} e6 {[%clk 1:18:41]} 14. h3 {[%clk 1:23:50]} Bh5 15. g4
{[%clk 1:23:58]} Bf7 {[%clk 1:18:20]} 16. O-O-O {[%clk 1:21:03]} Bd6
{[%clk 1:18:39]} 17. Ne2 {[%clk 1:21:07]} O-O {[%clk 1:16:52]} 18. Bg3
{[%clk 1:19:53]} b5 {[%clk 1:14:56]} 19. a3 {[%clk 1:19:12]} a5 {[%clk 1:15:03]}
20. f5 {[%clk 1:14:57]} Bxg3 {[%clk 1:13:10]} 21. Nxg3 {[%clk 1:15:24]} e5
{[%clk 1:11:33]} 22. dxe5 fxe5 {[%clk 1:11:52]} 23. Bb3 {[%clk 1:15:21]} Nb6
{[%clk 1:12:16]} 24. g5 {[%clk 1:14:16]} b4 {[%clk 1:11:04]} 25. g6
{[%clk 1:14:20]} hxg6 {[%clk 1:11:22]} 26. fxg6 {[%clk 1:14:33]} Be6
{[%clk 1:11:45]} 27. Rhf1 {[%clk 1:14:28]} bxc3 {[%clk 1:09:10]} 28. bxc3
{[%clk 1:13:36]} Rac8 {[%clk 1:05:34]} 29. Rxf8+ {[%clk 1:12:37]} Rxf8
{[%clk 1:04:31]} 30. Ne4 {[%clk 1:04:33]} Bf5 {[%clk 1:04:32]} 31. Ng5
{[%clk 1:03:03]} Bxg6 {[%clk 1:03:10]} 32. Bxd5+ {[%clk 1:03:08]} Nxd5
{[%clk 1:03:37]} 33. Rxd5 {[%clk 1:03:27]} Re8 {[%clk 1:01:07]} 34. Kd2
{[%clk 1:03:17]} Bf5 {[%clk 1:00:25]} 35. c4 {[%clk 1:02:41]} g6 {[%clk 1:00:10]}
36. Rxa5 {[%clk 1:02:04]} Kg7 {[%clk 1:00:31]} 37. h4 {[%clk 1:02:11]} Rd8+
{[%clk 0:59:40]} 38. Rd5 {[%clk 1:00:55]} Ra8 {[%clk 0:59:35]} 39. Rxe5
{[%clk 1:01:08]} Rxa3 {[%clk 0:59:57]} 40. Re7+ {[%clk 0:58:17]} Kf6
{[%clk 1:00:11]} 41. Re3 {[%clk 0:58:25]} Ra2+ {[%clk 1:00:13]} 42. Kc3
{[%clk 0:58:16]} Rh2 {[%clk 1:00:32]} 43. Nf3 {[%clk 0:57:28]} Rh3
{[%clk 1:00:41]} 44. Kd4 {[%clk 0:57:26]} Bg4 {[%clk 0:57:05]} 45. Ke4
{[%clk 0:57:09]} Bd7 {[%clk 0:56:23]} 46. Kf4 {[%clk 0:55:18]} Bc6
{[%clk 0:55:31]} 47. Re6+ {[%clk 0:49:22]} Kxe6 {[%clk 0:55:54]} 48. Ng5+
{[%clk 0:49:45]} Kd6 {[%clk 0:56:22]} 49. Nxh3 {[%clk 0:50:08]} Kc5
{[%clk 0:56:49]} 50. Ke5 {[%clk 0:50:18]} Kxc4 {[%clk 0:57:09]} 51. Nf4
{[%clk 0:50:42]} Bf3 {[%clk 0:56:24]} 52. Nxg6 {[%clk 0:50:53]} Kc5
{[%clk 0:56:35]} 53. Kf5 {[%clk 0:50:25]} Kd6 {[%clk 0:56:53]} 54. Ne5
{[%clk 0:50:44]} Bd1 {[%clk 0:57:18]} 55. Ng4 {[%clk 0:50:59]} Bxg4+
{[%clk 0:57:38]} 1/2-1/2